| 000 | 01691nam a22002297a 4500 | ||
|---|---|---|---|
| 005 | 20220707142953.0 | ||
| 008 | 220707b ||||| |||| 00| 0 eng d | ||
| 020 | _a0753813491 | ||
| 040 | _cAL | ||
| 041 | _aEnglish | ||
| 082 |
_223 _a530.11 _bGOTT |
||
| 100 |
_aJ Richard Gott _947544 |
||
| 245 | _aTime Travel in Einsteins Universe: The Physical Possibilities of Travel Through Time | ||
| 260 |
_aGreat Britain _bPhoenix _c2002 |
||
| 300 |
_axii,291 p. _bPB _c20x12.5 cm. |
||
| 520 | _aOne of the world's most outstanding astrophysicists provides a state-of-the-art investigation into the possibility of time travel. Human beings have a strong desire to travel through time. Although scientists are not yet taking out patents on a time machine, they are investigating whether it is possible under the laws of physics. In Newton's three-dimensional world this would have been inconceivable. But with Einstein's theory of relativity a fourth dimension time enters the frame. Is it really inconceivable that we can traIn this book Richard Gott offers an intellectually expansive, witty and engaging study of the viability of time travel, which takes us from the dream of time travel itself in H. G. Wells's path-breaking novel THE TIME MACHINE to cutting-edge research into astrophysics and quantum teleportation. He explores the scientific, social and moral implications of time travel, and looks at recent remarkable experiments in which fundamental particles were actually sent into the future.vel along the timeline? | ||
| 650 |
_aTime travel _947545 |
||
| 650 |
_aSpace and time _947546 |
||
| 650 |
_aCosmology _947547 |
||
| 700 |
_aGOTT (J Richard) _947548 |
||
| 942 |
_2ddc _cGF |
||
| 999 |
_c223630 _d223630 |
||